[Event "Liga Madrileña - DH 2018-2019"]
[Site "Madrid ESP"]
[Date "2019.02.03"]
[Round "8.3"]
[White "Garrido Olivares, Ricard"]
[Black "Moreno Ruiz, Javier"]
[Result "0-1"]
[WhiteElo "2165"]
[BlackElo "2461"]
[PlyCount "60"]
[EventDate "2018.11.18"]
[EventType "team-tourn"]
[EventRounds "14"]
[EventCountry "ESP"]
[SourceTitle "Ajedrez en Madrid"]
[Source "lmi"]
[SourceDate "2018.11.18"]
[SourceVersion "1"]
[SourceVersionDate "2019.04.02"]
[SourceQuality "1"]
[WhiteTeam "San Fernando de Henares"]
[BlackTeam "Collado Villalba"]
[WhiteTeamCountry "ESP"]
[BlackTeamCountry "ESP"]

1. Nf3 Nf6 2. c4 g6 3. d4 Bg7 4. e3 O-O 5. Be2 c5 6. d5 e6 7. Nc3 exd5 8. cxd5
d6 9. O-O Bg4 10. h3 Bxf3 11. Bxf3 Nbd7 12. Be2 Re8 13. Qc2 a6 14. a4 Rc8 15.
a5 c4 16. Ra4 Rc5 17. Bxc4 b5 18. axb6 Nxb6 19. Qd3 Nfd7 20. Bb3 Nxa4 21. Nxa4
Rb5 22. f4 Nf6 23. Bc4 Rb8 24. b3 Ne4 25. Bxa6 Qa5 26. Bc4 f5 27. Rd1 h5 28.
Bd2 Nxd2 29. Rxd2 Qa7 30. Re2 Rxe3 0-1

[Event "Liga Madrileña - DH 2018-2019"]
[Site "Madrid ESP"]
[Date "2019.02.03"]
[Round "8.4"]
[White "Suarez Uriel, Adrian"]
[Black "Bustos Bernardo, Samuel"]
[Result "0-1"]
[WhiteElo "2403"]
[BlackElo "2148"]
[PlyCount "88"]
[EventDate "2018.11.18"]
[EventType "team-tourn"]
[EventRounds "14"]
[EventCountry "ESP"]
[SourceTitle "Ajedrez en Madrid"]
[Source "lmi"]
[SourceDate "2018.11.18"]
[SourceVersion "1"]
[SourceVersionDate "2019.04.02"]
[SourceQuality "1"]
[WhiteTeam "Collado Villalba"]
[BlackTeam "San Fernando de Henares"]
[WhiteTeamCountry "ESP"]
[BlackTeamCountry "ESP"]

1. e4 e6 2. d4 d5 3. Nc3 Nf6 4. Bg5 Be7 5. e5 Nfd7 6. h4 h6 7. Bxe7 Qxe7 8. f4
a6 9. Nf3 c5 10. Qd2 Nc6 11. O-O-O b5 12. dxc5 Nxc5 13. a3 Rb8 14. b4 Na4 15.
Nxa4 bxa4 16. Nd4 Nxd4 17. Qxd4 a5 18. c3 O-O 19. g4 Bd7 20. g5 Rfc8 21. Kd2 h5
22. Rb1 Bb5 23. Bxb5 Rxb5 24. bxa5 Rc4 25. Rxb5 Rxd4+ 26. cxd4 Qxa3 27. Rhb1
Qf3 28. R5b4 a3 29. Ra4 Qxf4+ 30. Kc3 Qe3+ 31. Kb4 a2 32. Rxa2 Qxd4+ 33. Kb3
Qc4+ 34. Kb2 d4 35. Rc1 Qb4+ 36. Ka1 d3 37. Rc8+ Kh7 38. Rd8 Qc3+ 39. Kb1 Qe1+
40. Kb2 d2 41. a6 Qc1+ 42. Kb3 d1=Q+ 43. Rxd1 Qxd1+ 44. Kb4 Qb1+ 0-1

[Event "Liga Madrileña - DH 2018-2019"]
[Site "Madrid ESP"]
[Date "2019.02.03"]
[Round "8.5"]
[White "De la Orden Alcocer, Alejandro"]
[Black "Quispe Arteaga, Gabriel"]
[Result "1/2-1/2"]
[WhiteElo "1962"]
[BlackElo "2373"]
[PlyCount "70"]
[EventDate "2018.11.18"]
[EventType "team-tourn"]
[EventRounds "14"]
[EventCountry "ESP"]
[SourceTitle "Ajedrez en Madrid"]
[Source "lmi"]
[SourceDate "2018.11.18"]
[SourceVersion "1"]
[SourceVersionDate "2019.04.02"]
[SourceQuality "1"]
[WhiteTeam "San Fernando de Henares"]
[BlackTeam "Collado Villalba"]
[WhiteTeamCountry "ESP"]
[BlackTeamCountry "ESP"]

1. Nf3 Nf6 2. g3 b6 3. b3 Bb7 4. Bb2 e6 5. Bg2 Be7 6. c4 O-O 7. d3 d5 8. Nbd2
c5 9. O-O Nc6 10. d4 cxd4 11. Nxd4 Nxd4 12. Bxd4 Qd7 13. cxd5 Nxd5 14. Nc4 Rfd8
15. e3 Rac8 16. Qg4 Bf8 17. e4 Nb4 18. Bf6 Re8 19. Rfd1 Qb5 20. Nd6 h5 21. Nxb5
hxg4 22. Be5 Nc6 23. Bb2 e5 24. Rd7 Re7 25. Rd2 a6 26. Nc3 Nd4 27. Nd5 Bxd5 28.
Bxd4 Bxe4 29. Bxe4 exd4 30. Rxd4 Re5 31. Rad1 Rce8 32. Bd5 Rf5 33. Rxg4 Re2 34.
f3 Rxa2 35. Ra4 Bc5+ 1/2-1/2

[Event "Liga Madrileña - DH 2018-2019"]
[Site "Madrid ESP"]
[Date "2019.02.03"]
[Round "8.6"]
[White "Ortega Ruiz, Jose Miguel"]
[Black "Rodriguez Lopez, Ruben"]
[Result "1/2-1/2"]
[WhiteElo "2291"]
[BlackElo "1844"]
[PlyCount "81"]
[EventDate "2018.11.18"]
[EventType "team-tourn"]
[EventRounds "14"]
[EventCountry "ESP"]
[SourceTitle "Ajedrez en Madrid"]
[Source "lmi"]
[SourceDate "2018.11.18"]
[SourceVersion "1"]
[SourceVersionDate "2019.04.02"]
[SourceQuality "1"]
[WhiteTeam "Collado Villalba"]
[BlackTeam "San Fernando de Henares"]
[WhiteTeamCountry "ESP"]
[BlackTeamCountry "ESP"]

1. d4 d5 2. Nf3 Bf5 3. Nh4 Bg4 4. h3 Bh5 5. g4 e6 6. Ng2 Bg6 7. Nf4 Be4 8. Rg1
Bd6 9. Nc3 Bg6 10. Nxg6 hxg6 11. e4 c6 12. Qf3 Qb6 13. Bd2 Qxd4 14. O-O-O Qf6
15. Qd3 Bf4 16. g5 Bxd2+ 17. Qxd2 Qd8 18. exd5 cxd5 19. Qd4 Ne7 20. Qxg7 Rg8
21. Qd4 Nbc6 22. Qf4 Qb8 23. Qf3 Rh8 24. Rg4 a6 25. Rf4 Ne5 26. Qe3 Qc7 27. Re1
N7c6 28. Ra4 O-O-O 29. Qg3 Nd7 30. Rf4 Rh7 31. Kb1 Nb6 32. h4 Rd7 33. Be2 Ne7
34. Bd3 e5 35. Rf6 e4 36. Bf1 Qxg3 37. fxg3 Kc7 38. Bh3 Rd6 39. Rf4 Nc4 40. b3
Ne5 41. Rd1 1/2-1/2

[Event "Liga Madrileña - DH 2018-2019"]
[Site "Madrid ESP"]
[Date "2019.02.03"]
[Round "8.1"]
[White "Reyes Larena, Juan"]
[Black "Almagro Llamas, Pablo"]
[Result "0-1"]
[WhiteElo "2451"]
[BlackElo "2452"]
[PlyCount "106"]
[EventDate "2018.11.18"]
[EventType "team-tourn"]
[EventRounds "14"]
[EventCountry "ESP"]
[SourceTitle "Ajedrez en Madrid"]
[Source "lmi"]
[SourceDate "2018.11.18"]
[SourceVersion "1"]
[SourceVersionDate "2019.04.02"]
[SourceQuality "1"]
[WhiteTeam "San Sebastian de los Reyes"]
[BlackTeam "Virgen de Atocha"]
[WhiteTeamCountry "ESP"]
[BlackTeamCountry "ESP"]

1. e4 c5 2. g3 Nc6 3. Bg2 g6 4. Ne2 Bg7 5. c3 e6 6. O-O Nge7 7. d3 O-O 8. Nd2
b6 9. a4 Ba6 10. Nc4 d5 11. exd5 exd5 12. Na3 Qd7 13. Nf4 Rfe8 14. Re1 Rad8 15.
Nb5 d4 16. c4 Bb7 17. Bh3 Nf5 18. Rxe8+ Rxe8 19. Nd5 Nb4 20. Nbc7 Rc8 21. Bf4
Nxd5 22. Nxd5 Bxd5 23. cxd5 Qxd5 24. Qe2 Qd7 25. Qf3 Re8 26. a5 Be5 27. axb6
axb6 28. Ra8 Bxf4 29. Bxf5 gxf5 30. Rxe8+ Qxe8 31. Qxf4 Qe6 32. h4 h6 33. Kh2
Kg7 34. b4 Qd5 35. bxc5 Qxc5 36. g4 fxg4 37. Qxg4+ Kf8 38. Qf4 h5 39. Kg1 b5
40. Kf1 b4 41. Kg1 Qb6 42. Qe5 b3 43. Qh8+ Ke7 44. Qe5+ Kf8 45. Qh8+ Ke7 46.
Qe5+ Kd8 47. Qd5+ Kc8 48. Qxf7 b2 49. Qe8+ Kc7 50. Qe7+ Kc6 51. Qe6+ Kc5 52.
Qe7+ Kb5 53. Qe8+ Kb4 0-1

[Event "Liga Madrileña - DH 2018-2019"]
[Site "Madrid ESP"]
[Date "2019.02.03"]
[Round "8.2"]
[White "Rubio Mejia, Luis Ignacio"]
[Black "Quevedo Marin, Manuel"]
[Result "1-0"]
[WhiteElo "2437"]
[BlackElo "2188"]
[PlyCount "85"]
[EventDate "2018.11.18"]
[EventType "team-tourn"]
[EventRounds "14"]
[EventCountry "ESP"]
[SourceTitle "Ajedrez en Madrid"]
[Source "lmi"]
[SourceDate "2018.11.18"]
[SourceVersion "1"]
[SourceVersionDate "2019.04.02"]
[SourceQuality "1"]
[WhiteTeam "Virgen de Atocha"]
[BlackTeam "San Sebastian de los Reyes"]
[WhiteTeamCountry "ESP"]
[BlackTeamCountry "ESP"]

1. d4 Nf6 2. c4 g6 3. Nc3 d5 4. cxd5 Nxd5 5. Bd2 Bg7 6. e4 Nxc3 7. Bxc3 O-O 8.
Qd2 Nc6 9. Nf3 Bg4 10. d5 Bxf3 11. Bxg7 Kxg7 12. gxf3 Ne5 13. O-O-O f6 14. f4
Nf7 15. Bh3 Qd6 16. Kb1 c6 17. Rhe1 Rad8 18. Be6 cxd5 19. exd5 Nh6 20. h4 f5
21. h5 Rf6 22. hxg6 hxg6 23. f3 Nf7 24. Qd4 Qb6 25. Qc3 Nd6 26. Rc1 Nb5 27. Qe5
Qd4 28. Re3 a6 29. Rb3 Qa4 30. Bc8 Nd6 31. Qxe7+ Nf7 32. Be6 Re8 33. Qc7 b5 34.
Rd3 Kf8 35. a3 Re7 36. Qc6 Qxf4 37. Qxa6 Ne5 38. Rdc3 Nxf3 39. Qxb5 Kg7 40. Qc5
Rb7 41. Qc8 Nd2+ 42. Ka2 Qb8 43. Rc7+ 1-0

[Event "Liga Madrileña - DH 2018-2019"]
[Site "Madrid ESP"]
[Date "2019.02.03"]
[Round "8.3"]
[White "Olazagoitia Rodriguez, Jose Luis"]
[Black "Plazuelo Pascual, Juan"]
[Result "0-1"]
[WhiteElo "2193"]
[BlackElo "2422"]
[PlyCount "68"]
[EventDate "2018.11.18"]
[EventType "team-tourn"]
[EventRounds "14"]
[EventCountry "ESP"]
[SourceTitle "Ajedrez en Madrid"]
[Source "lmi"]
[SourceDate "2018.11.18"]
[SourceVersion "1"]
[SourceVersionDate "2019.04.02"]
[SourceQuality "1"]
[WhiteTeam "San Sebastian de los Reyes"]
[BlackTeam "Virgen de Atocha"]
[WhiteTeamCountry "ESP"]
[BlackTeamCountry "ESP"]

1. e4 e6 2. d3 d5 3. Nd2 Nf6 4. Ngf3 b6 5. c3 Be7 6. e5 Nfd7 7. Qa4 O-O 8. h4
c5 9. Rh3 f6 10. d4 fxe5 11. Nxe5 cxd4 12. cxd4 Nxe5 13. dxe5 Qc7 14. Nf3 Nd7
15. Bf4 Nc5 16. Qd4 Ne4 17. Bg3 Bd7 18. a3 b5 19. Qd1 b4 20. a4 Nc5 21. Bd3
Nxd3+ 22. Qxd3 Rac8 23. Kd2 b3 24. Nd4 Bc5 25. Nxb3 Bxf2 26. Bh2 Qb6 27. Rf3
Rxf3 28. gxf3 Qb4+ 29. Ke2 Qxh4 30. Bg1 Bxg1 31. Rxg1 Qh2+ 32. Kf1 Bxa4 33. Qa6
Bd7 34. Qxa7 Bb5+ 0-1

[Event "Liga Madrileña - DH 2018-2019"]
[Site "Madrid ESP"]
[Date "2019.02.03"]
[Round "8.4"]
[White "Martinez Martin, David"]
[Black "Alfaya Marcelo, Roberto"]
[Result "1-0"]
[WhiteElo "2416"]
[BlackElo "2145"]
[PlyCount "69"]
[EventDate "2018.11.18"]
[EventType "team-tourn"]
[EventRounds "14"]
[EventCountry "ESP"]
[SourceTitle "Ajedrez en Madrid"]
[Source "lmi"]
[SourceDate "2018.11.18"]
[SourceVersion "1"]
[SourceVersionDate "2019.04.02"]
[SourceQuality "1"]
[WhiteTeam "Virgen de Atocha"]
[BlackTeam "San Sebastian de los Reyes"]
[WhiteTeamCountry "ESP"]
[BlackTeamCountry "ESP"]

1. e4 c5 2. Nc3 a6 3. g3 b5 4. Bg2 Bb7 5. Nge2 e6 6. d4 cxd4 7. Nxd4 Qc7 8. O-O
b4 9. Nd5 exd5 10. exd5 d6 11. Re1+ Ne7 12. Bg5 Bc8 13. Qh5 Ra7 14. Re4 g6 15.
Qh4 f5 16. Rxe7+ Bxe7 17. Re1 Kf7 18. Rxe7+ Qxe7 19. Bxe7 Rxe7 20. Ne6 Bxe6 21.
dxe6+ Kxe6 22. Qd4 Rd8 23. Bd5+ Kd7 24. Qxb4 Ke8 25. c4 Re5 26. Qb6 g5 27. f4
gxf4 28. gxf4 Re7 29. Kf2 h5 30. b4 Rg7 31. Qd4 Rdd7 32. Be6 Rc7 33. Qxd6 Nc6
34. Bxf5 a5 35. Bg6+ 1-0

[Event "Liga Madrileña - DH 2018-2019"]
[Site "Madrid ESP"]
[Date "2019.02.03"]
[Round "8.5"]
[White "Hernandez Ramos, David"]
[Black "Aguilera Lopez, Alejandro"]
[Result "0-1"]
[WhiteElo "2071"]
[BlackElo "2214"]
[PlyCount "90"]
[EventDate "2018.11.18"]
[EventType "team-tourn"]
[EventRounds "14"]
[EventCountry "ESP"]
[SourceTitle "Ajedrez en Madrid"]
[Source "lmi"]
[SourceDate "2018.11.18"]
[SourceVersion "1"]
[SourceVersionDate "2019.04.02"]
[SourceQuality "1"]
[WhiteTeam "San Sebastian de los Reyes"]
[BlackTeam "Virgen de Atocha"]
[WhiteTeamCountry "ESP"]
[BlackTeamCountry "ESP"]

1. d4 e6 2. c4 b6 3. Nc3 Bb7 4. Nf3 Bb4 5. Qb3 Qe7 6. Bg5 f6 7. Bf4 Na6 8. a3
Ba5 9. Qc2 c5 10. e3 g5 11. Bg3 Nh6 12. Bd3 f5 13. dxc5 bxc5 14. O-O-O O-O 15.
h3 Bxc3 16. Qxc3 d6 17. Rhg1 e5 18. Bc2 Nc7 19. Nd2 Ne6 20. Bh2 Rab8 21. f3 Bc6
22. Rge1 Rb6 23. b3 Rfb8 24. Bg1 Qc7 25. h4 a5 26. hxg5 Nxg5 27. a4 Rb4 28. e4
f4 29. Bf2 Ne6 30. Rh1 Nd4 31. Bxd4 cxd4 32. Qd3 Nf7 33. Rh5 Qe7 34. Rdh1 h6
35. g3 fxg3 36. Rg1 Bd7 37. Rxg3+ Kh7 38. f4 Rg8 39. f5 Rbb8 40. Rgh3 Rg1+ 41.
Bd1 d5 42. Nf3 Qa3+ 43. Kd2 Qb2+ 44. Bc2 Qc1+ 45. Ke2 Rg2# 0-1

[Event "Liga Madrileña - DH 2018-2019"]
[Site "Madrid ESP"]
[Date "2019.02.03"]
[Round "8.6"]
[White "Vazquez Torres, Adrian"]
[Black "Anton Quevedo, Andrea"]
[Result "1-0"]
[WhiteElo "2154"]
[BlackElo "1869"]
[PlyCount "91"]
[EventDate "2018.11.18"]
[EventType "team-tourn"]
[EventRounds "14"]
[EventCountry "ESP"]
[SourceTitle "Ajedrez en Madrid"]
[Source "lmi"]
[SourceDate "2018.11.18"]
[SourceVersion "1"]
[SourceVersionDate "2019.04.02"]
[SourceQuality "1"]
[WhiteTeam "Virgen de Atocha"]
[BlackTeam "San Sebastian de los Reyes"]
[WhiteTeamCountry "ESP"]
[BlackTeamCountry "ESP"]

1. e4 c5 2. Nf3 e6 3. d4 cxd4 4. Nxd4 a6 5. Bd3 Nc6 6. Be3 Nf6 7. Nd2 Qc7 8.
Nxc6 bxc6 9. O-O Be7 10. c4 d5 11. cxd5 cxd5 12. Rc1 Qb8 13. f4 e5 14. fxe5
Qxe5 15. Nf3 Qxb2 16. exd5 Qa3 17. Bd4 O-O 18. Rc3 Qb4 19. Rc4 Qa3 20. Re1 Nxd5
21. Rxe7 Qxe7 22. Bc5 Qf6 23. Bxh7+ Kxh7 24. Bxf8 Bb7 25. Qb1+ Qg6 26. Qxb7 Ne3
27. Ne5 Qf5 28. Qe4 Rxf8 29. Qxe3 Qb1+ 30. Rc1 Qb2 31. Rf1 Qxa2 32. Nf3 Kg8 33.
Ng5 Qd5 34. h4 f6 35. Qe6+ Qxe6 36. Nxe6 Ra8 37. Nc5 Kf7 38. Ra1 a5 39. Ra4 Kg6
40. Kh2 Kh5 41. Ne6 g5 42. g4+ Kh6 43. h5 f5 44. gxf5 Kxh5 45. Kg3 Ra7 46. Ra1
1-0

[Event "Liga Madrileña - DH 2018-2019"]
[Site "Madrid ESP"]
[Date "2019.02.09"]
[Round "9.4"]
[White "Medina Riesgo, Pedro"]
[Black "Soham, Das"]
[Result "0-1"]
[WhiteElo "2141"]
[BlackElo "2389"]
[PlyCount "64"]
[EventDate "2018.11.18"]
[EventType "team-tourn"]
[EventRounds "14"]
[EventCountry "ESP"]
[SourceTitle "Ajedrez en Madrid"]
[Source "lmi"]
[SourceDate "2018.11.18"]
[SourceVersion "1"]
[SourceVersionDate "2019.04.02"]
[SourceQuality "1"]
[WhiteTeam "Alcorcon"]
[BlackTeam "64 Villalba"]
[WhiteTeamCountry "ESP"]
[BlackTeamCountry "ESP"]

1. e4 c5 2. Nf3 d6 3. g3 Nc6 4. Bg2 g6 5. O-O Bg7 6. d3 e5 7. c3 Nge7 8. a3 h6
9. b4 Be6 10. Be3 b6 11. b5 Na5 12. c4 f5 13. Nc3 f4 14. Bd2 g5 15. h3 g4 16.
hxg4 Bxg4 17. Rb1 h5 18. Ne2 h4 19. gxf4 h3 20. Bh1 Ng6 21. Kh2 exf4 22. Rg1
Qd7 23. Rxg4 Qxg4 24. Qg1 Qh5 25. Nxf4 Be5 26. Nxe5 Nxf4 27. Ng4 Rf8 28. Bf3
O-O-O 29. Qg3 Nxd3 30. Bxa5 bxa5 31. b6 a6 32. b7+ Kb8 0-1

[Event "Liga Madrileña - DH 2018-2019"]
[Site "Madrid ESP"]
[Date "2019.02.10"]
[Round "9.1"]
[White "Iturrizaga Bonelli, Eduardo"]
[Black "Martinez Reyes, Pedro Ramon"]
[Result "1/2-1/2"]
[WhiteElo "2640"]
[BlackElo "2398"]
[PlyCount "104"]
[EventDate "2018.11.18"]
[EventType "team-tourn"]
[EventRounds "14"]
[EventCountry "ESP"]
[SourceTitle "Ajedrez en Madrid"]
[Source "lmi"]
[SourceDate "2018.11.18"]
[SourceVersion "1"]
[SourceVersionDate "2019.04.02"]
[SourceQuality "1"]
[WhiteTeam "Collado Villalba"]
[BlackTeam "Blanco y Negro"]
[WhiteTeamCountry "ESP"]
[BlackTeamCountry "ESP"]

1. c4 e6 2. g3 d5 3. d4 Nf6 4. Bg2 Be7 5. Nf3 O-O 6. Nc3 dxc4 7. Ne5 Nc6 8.
Bxc6 bxc6 9. Nxc6 Qe8 10. Nxe7+ Qxe7 11. Qa4 c5 12. Qxc4 cxd4 13. Qxd4 e5 14.
Qh4 Qb7 15. O-O Be6 16. Bg5 Ng4 17. Be7 Rfe8 18. Ba3 Rac8 19. Rad1 f6 20. h3
Nh6 21. Ne4 Nf5 22. Nd6 Nxd6 23. Rxd6 Rcd8 24. Rfd1 Rxd6 25. Rxd6 Qb5 26. Qe4
Bxa2 27. Qg4 Qc4 28. e4 Qf7 29. h4 Be6 30. Qd1 h6 31. Bc5 Qb7 32. Qa4 Rc8 33.
b4 Bf7 34. Rd7 Rc7 35. Rxc7 Qxc7 36. Qxa7 Qxa7 37. Bxa7 Bc4 38. Kg2 h5 39. f4
Kf7 40. Bb8 Ke6 41. Kf3 g6 42. g4 hxg4+ 43. Kxg4 Be2+ 44. Kg3 exf4+ 45. Kxf4
Bb5 46. Ke3 Be8 47. Kd4 Bc6 48. Bf4 Kd7 49. e5 fxe5+ 50. Bxe5 Kc8 51. Kc5 Kb7
52. b5 Be4 1/2-1/2

[Event "Liga Madrileña - DH 2018-2019"]
[Site "Madrid ESP"]
[Date "2019.02.10"]
[Round "9.2"]
[White "Bolado Saez, Sergio"]
[Black "Moreno Ruiz, Javier"]
[Result "1/2-1/2"]
[WhiteElo "2360"]
[BlackElo "2461"]
[PlyCount "70"]
[EventDate "2018.11.18"]
[EventType "team-tourn"]
[EventRounds "14"]
[EventCountry "ESP"]
[SourceTitle "Ajedrez en Madrid"]
[Source "lmi"]
[SourceDate "2018.11.18"]
[SourceVersion "1"]
[SourceVersionDate "2019.04.02"]
[SourceQuality "1"]
[WhiteTeam "Blanco y Negro"]
[BlackTeam "Collado Villalba"]
[WhiteTeamCountry "ESP"]
[BlackTeamCountry "ESP"]

1. d4 Nf6 2. c4 e6 3. Nf3 Bb4+ 4. Nbd2 O-O 5. a3 Be7 6. e4 d6 7. Be2 Nbd7 8. b4
e5 9. dxe5 Nxe5 10. Nxe5 dxe5 11. Bb2 a5 12. Bc3 axb4 13. axb4 Rxa1 14. Qxa1 b6
15. O-O Bb7 16. f3 Bd6 17. Qa7 Bc6 18. c5 bxc5 19. b5 Bd7 20. Rb1 Be6 21. Bc4
Bc8 22. b6 cxb6 23. Rxb6 Ne8 24. Bd5 Qg5 25. Kf2 c4 26. Rc6 Qh4+ 27. Kf1 Be6
28. Bxe6 fxe6 29. Qd7 Qxh2 30. Qxe6+ Kh8 31. Rxd6 Nxd6 32. Qxd6 Re8 33. Kf2
Qh4+ 34. Ke2 Qh2 35. Kf2 Qh4+ 1/2-1/2

[Event "Liga Madrileña - DH 2018-2019"]
[Site "Madrid ESP"]
[Date "2019.02.10"]
[Round "9.3"]
[White "Suarez Uriel, Adrian"]
[Black "Ballester Llagaria, Luis Eduardo"]
[Result "0-1"]
[WhiteElo "2403"]
[BlackElo "2300"]
[PlyCount "68"]
[EventDate "2018.11.18"]
[EventType "team-tourn"]
[EventRounds "14"]
[EventCountry "ESP"]
[SourceTitle "Ajedrez en Madrid"]
[Source "lmi"]
[SourceDate "2018.11.18"]
[SourceVersion "1"]
[SourceVersionDate "2019.04.02"]
[SourceQuality "1"]
[WhiteTeam "Collado Villalba"]
[BlackTeam "Blanco y Negro"]
[WhiteTeamCountry "ESP"]
[BlackTeamCountry "ESP"]

1. Nf3 d5 2. b3 Bg4 3. Bb2 Nd7 4. g3 Ngf6 5. Bg2 e6 6. c4 Bd6 7. O-O O-O 8. d4
c6 9. Ne5 Bf5 10. Nd2 Qc7 11. Nxd7 Qxd7 12. f3 Qe7 13. e4 dxe4 14. fxe4 Bg4 15.
Qc2 e5 16. c5 Bb8 17. d5 a5 18. d6 Qe6 19. Rxf6 gxf6 20. Nc4 Ba7 21. Qf2 a4 22.
Bf1 axb3 23. axb3 Bh5 24. b4 Bg6 25. Nd2 Kg7 26. Bc4 Qd7 27. Bd3 b6 28. Nc4
bxc5 29. bxc5 Rab8 30. Rf1 Qe6 31. Bc1 Rb3 32. Nb2 Rfb8 33. d7 Qe7 34. Qc2
Qxc5+ 0-1

[Event "Liga Madrileña - DH 2018-2019"]
[Site "Madrid ESP"]
[Date "2019.02.10"]
[Round "9.4"]
[White "Renteria Becerra, Jorge Elicer"]
[Black "Martin Duque, Jesus"]
[Result "1/2-1/2"]
[WhiteElo "2229"]
[BlackElo "2393"]
[PlyCount "53"]
[EventDate "2018.11.18"]
[EventType "team-tourn"]
[EventRounds "14"]
[EventCountry "ESP"]
[SourceTitle "Ajedrez en Madrid"]
[Source "lmi"]
[SourceDate "2018.11.18"]
[SourceVersion "1"]
[SourceVersionDate "2019.04.02"]
[SourceQuality "1"]
[WhiteTeam "Blanco y Negro"]
[BlackTeam "Collado Villalba"]
[WhiteTeamCountry "ESP"]
[BlackTeamCountry "ESP"]

1. e4 e6 2. d4 d5 3. Nd2 Be7 4. e5 c5 5. Qg4 Kf8 6. dxc5 Nc6 7. Qg3 h5 8. Nb3
Nh6 9. Bxh6 Rxh6 10. Bd3 Bh4 11. Qe3 Qg5 12. Qxg5 Bxg5 13. Nh3 Be7 14. f4 Bd7
15. c3 Rc8 16. Kd2 Nd8 17. Ng5 Bxc5 18. Nxc5 Rxc5 19. Nf3 Ke7 20. Rhc1 g6 21.
Nd4 Rh8 22. c4 dxc4 23. Bxc4 Rc8 24. Bb5 Nc6 25. Bxc6 Bxc6 26. Nxc6+ Rxc6 27.
Rxc6 1/2-1/2

[Event "Liga Madrileña - DH 2018-2019"]
[Site "Madrid ESP"]
[Date "2019.02.10"]
[Round "9.5"]
[White "Quispe Arteaga, Gabriel"]
[Black "Martinez Fernandez, Raul"]
[Result "1-0"]
[WhiteElo "2373"]
[BlackElo "2193"]
[PlyCount "31"]
[EventDate "2018.11.18"]
[EventType "team-tourn"]
[EventRounds "14"]
[EventCountry "ESP"]
[SourceTitle "Ajedrez en Madrid"]
[Source "lmi"]
[SourceDate "2018.11.18"]
[SourceVersion "1"]
[SourceVersionDate "2019.04.02"]
[SourceQuality "1"]
[WhiteTeam "Collado Villalba"]
[BlackTeam "Blanco y Negro"]
[WhiteTeamCountry "ESP"]
[BlackTeamCountry "ESP"]

1. Nf3 d5 2. g3 c5 3. Bg2 Nc6 4. d4 Nf6 5. O-O e6 6. c4 dxc4 7. Qa4 Bd7 8. dxc5
Bxc5 9. Qxc4 Bb6 10. Nc3 Rc8 11. Qh4 Ng8 12. Qg4 g6 13. Qe4 Nge7 14. Bg5 O-O
15. Qh4 Qe8 16. Ne4 1-0

[Event "Liga Madrileña - DH 2018-2019"]
[Site "Madrid ESP"]
[Date "2019.02.10"]
[Round "9.6"]
[White "Marquez Leon, Juan Antonio"]
[Black "Ortega Ruiz, Jose Miguel"]
[Result "0-1"]
[WhiteElo "1795"]
[BlackElo "2291"]
[PlyCount "134"]
[EventDate "2018.11.18"]
[EventType "team-tourn"]
[EventRounds "14"]
[EventCountry "ESP"]
[SourceTitle "Ajedrez en Madrid"]
[Source "lmi"]
[SourceDate "2018.11.18"]
[SourceVersion "1"]
[SourceVersionDate "2019.04.02"]
[SourceQuality "1"]
[WhiteTeam "Blanco y Negro"]
[BlackTeam "Collado Villalba"]
[WhiteTeamCountry "ESP"]
[BlackTeamCountry "ESP"]

1. d4 Nf6 2. Nf3 g6 3. g3 Bg7 4. Bg2 O-O 5. O-O d6 6. Nbd2 Nc6 7. c3 Bd7 8. Re1
a6 9. e4 e5 10. dxe5 dxe5 11. Nb3 Qe7 12. Bd2 a5 13. Bg5 h6 14. Bxf6 Bxf6 15.
Qd2 Bg7 16. Rad1 Be6 17. Qe3 b6 18. Nfd2 Kh7 19. f4 a4 20. Nc1 Bc8 21. Nd3 Bb7
22. Nf3 Ra5 23. Bh3 Rd8 24. f5 g5 25. Nf2 Raa8 26. Bf1 f6 27. Bc4 Bf8 28. h4
Qc5 29. Qxc5 Bxc5 30. hxg5 hxg5 31. Kg2 Kg7 32. Bd5 Na5 33. Bxb7 Nxb7 34. Nd3
Be7 35. Nh2 c6 36. Ng4 b5 37. Ngf2 Na5 38. a3 Nc4 39. Re2 Ra7 40. Nb4 Rxd1 41.
Nxd1 Bxb4 42. cxb4 Rd7 43. Nf2 Rd4 44. Kf3 Kf7 45. Kg4 Ke7 46. Kh5 Kf7 47. Kg4
Rd8 48. Kf3 Ke7 49. Kg2 Nd2 50. Ng4 Rd4 51. Nf2 Kd6 52. Kh3 c5 53. bxc5+ Kxc5
54. Kg4 Kc4 55. Kh5 Kb3 56. Kg6 Rd6 57. Kf7 Kxb2 58. Ke7 Rd4 59. Kxf6 b4 60.
Kxe5 Rd8 61. f6 bxa3 62. f7 a2 63. Rxd2+ Rxd2 64. f8=Q a1=Q 65. Ng4 Kc1+ 66.
Kf5 Qc3 67. e5 Qf3+ 0-1

[Event "Liga Madrileña - DH 2018-2019"]
[Site "Madrid ESP"]
[Date "2019.02.10"]
[Round "9.2"]
[White "Garcia Cuenca, Victor Manuel"]
[Black "Quevedo Marin, Manuel"]
[Result "1/2-1/2"]
[WhiteElo "2344"]
[BlackElo "2188"]
[PlyCount "60"]
[EventDate "2018.11.18"]
[EventType "team-tourn"]
[EventRounds "14"]
[EventCountry "ESP"]
[SourceTitle "Ajedrez en Madrid"]
[Source "lmi"]
[SourceDate "2018.11.18"]
[SourceVersion "1"]
[SourceVersionDate "2019.04.02"]
[SourceQuality "1"]
[WhiteTeam "Liberty Chess"]
[BlackTeam "San Sebastian de los Reyes"]
[WhiteTeamCountry "ESP"]
[BlackTeamCountry "ESP"]

1. d4 Nf6 2. c4 g6 3. Nf3 Bg7 4. g3 c6 5. Bg2 d5 6. cxd5 cxd5 7. Ne5 Ne4 8.
Qa4+ Nd7 9. Nd2 O-O 10. Nxe4 dxe4 11. Bf4 Nf6 12. h3 Qb6 13. b3 Be6 14. O-O
Rfd8 15. Rad1 Nd5 16. Bd2 Qd6 17. Nc4 Qd7 18. Qxd7 Rxd7 19. e3 Nb6 20. Na5 Bd5
21. Rc1 e5 22. dxe5 Bxe5 23. Bc3 Bg7 24. Rfd1 Rc8 25. Bxg7 Rxc1 26. Rxc1 Kxg7
27. g4 Rd8 28. Bf1 Rc8 29. Rxc8 Nxc8 30. Nc4 Kf6 1/2-1/2